Statistics for English Football Champions

Click here to take the quiz!

General Stats

  • This quiz has been taken 146 times
    (55 since last reset)
  • The average score is 58 of 91

Answer Stats

Winner % Correct
Manchester United
100%
Liverpool
100%
Chelsea
100%
Manchester City
100%
Leeds United
98%
Leicester City
98%
Arsenal
98%
Everton
95%
Newcastle United
95%
Blackburn Rovers
95%
Sunderland
95%
Aston Villa
93%
Wolverhampton Wanderers
93%
Nottingham Forest
93%
Sheffield Wednesday
93%
Swansea City
90%
Norwich City
90%
Sheffield United
90%
Portsmouth
88%
West Ham United
88%
Cardiff City
85%
Southampton
85%
Tottenham Hotspur
83%
Bolton Wanderers
83%
Fulham
83%
Hull City
80%
Ipswich Town
80%
Burnley
80%
Blackpool
80%
Huddersfield Town
80%
Crystal Palace
78%
Bournemouth
78%
West Bromwich Albion
78%
Middlesbrough
78%
Derby County
78%
Wimbledon
75%
Birmingham City
75%
Stoke City
75%
Preston North End
75%
Charlton Athletic
75%
Queens Park Rangers
75%
Watford
73%
Barnsley
73%
Brighton & Hove Albion
73%
Millwall
70%
Bristol City
70%
Reading
68%
Wigan Athletic
68%
Coventry City
68%
Oldham Athletic
65%
Oxford United
63%
Bury
58%
Carlisle United
53%
Exeter City
53%
Bradford Park Avenue
53%
Milton Keynes Dons
53%
Cambridge United
53%
Luton Town
53%
Bradford City
53%
Accrington Stanley
50%
Brentford
50%
Plymouth Argyle
50%
Doncaster Rovers
50%
Rotherham United
48%
Lincoln City
48%
Northampton Town
45%
Swindon Town
45%
Wrexham
45%
Tranmere Rovers
43%
Port Vale
43%
Stockport County
40%
Notts County
40%
York City
40%
Gillingham
38%
Grimsby Town
38%
Walsall
38%
Yeovil Town
35%
Leyton Orient
35%
Peterborough United
35%
Bristol Rovers
35%
Scunthorpe United
35%
Mansfield Town
33%
Shrewsbury Town
33%
Southend United
30%
Burton Albion
30%
Chesterfield
28%
Darlington
23%
Southport
23%
Hereford United
18%
Rushden & Diamonds
10%
Nelson
8%

Score Distribution

Percentile by Number Answered

Percent of People with Each Score

Your Score History

You have not taken this quiz since the last reset